<?xml version="1.0" encoding="UTF-8"?><?xml-stylesheet type="text/xsl" href="static/style.xsl"?><OAI-PMH xmlns="http://www.openarchives.org/OAI/2.0/" xmlns:xsi="http://www.w3.org/2001/XMLSchema-instance" xsi:schemaLocation="http://www.openarchives.org/OAI/2.0/ http://www.openarchives.org/OAI/2.0/OAI-PMH.xsd"><responseDate>2026-06-05T12:17:44Z</responseDate><request verb="GetRecord" identifier="oai:riuma.uma.es:10630/6466" metadataPrefix="marc">https://riuma.uma.es/rest/oai/request</request><GetRecord><record><header><identifier>oai:riuma.uma.es:10630/6466</identifier><datestamp>2026-02-03T12:52:53Z</datestamp><setSpec>com_10630_5701</setSpec><setSpec>com_10630_3139</setSpec><setSpec>com_10630_10</setSpec><setSpec>col_10630_6433</setSpec></header><metadata><record xmlns="http://www.loc.gov/MARC21/slim" xmlns:dcterms="http://purl.org/dc/terms/" xmlns:doc="http://www.lyncode.com/xoai" xmlns:xsi="http://www.w3.org/2001/XMLSchema-instance" xsi:schemaLocation="http://www.loc.gov/MARC21/slim http://www.loc.gov/standards/marcxml/schema/MARC21slim.xsd">
   <leader>00925njm 22002777a 4500</leader>
   <datafield ind2=" " ind1=" " tag="042">
      <subfield code="a">dc</subfield>
   </datafield>
   <datafield ind2=" " ind1=" " tag="720">
      <subfield code="a">Roldán-Paz, Lorena María</subfield>
      <subfield code="e">author</subfield>
   </datafield>
   <datafield ind2=" " ind1=" " tag="260">
      <subfield code="c">2010</subfield>
   </datafield>
   <datafield ind2=" " ind1=" " tag="520">
      <subfield code="a">A mediados del siglo XVII, Málaga inició un ciclo recesivo y de dificultades en todos los órdenes, con importantes consecuencias para la población: hambrunas, epidemias, catástrofes naturales, declive comercial, inestabilidad política… En el plano socio-religioso, la crisis se manifestaría a través de una intensa campaña de represión dirigida contra los cristianos de origen judío, que se convirtieron entonces en víctimas predilectas del Santo Oficio. Entre los numerosos afectados por aquellas acometidas, se cuenta un grupo de 99 individuos, cuyo perfil sociológico y religioso pretendemos delinear aquí, pues consideramos ayuda a valorar en sus justos términos algunas de las directrices acerca de esta minoría y su papel en la historia de la España moderna.</subfield>
   </datafield>
   <datafield ind2=" " ind1=" " tag="520">
      <subfield code="a">In the mid-seventeenth century, Málaga began a recession and difficulties in all areas, with important consequences for the population: famine, epidemics, natural disasters, declining sales, political instability... In a socio-religious point of view, the crisis manifested through an intensive repression against Christians of Jewish origin, which then became the preferred victims of the Inquisition. Among the many ones affected by these persecutions, there is a group of 99 people, whose sociological and religious features we try to analyse here, since they may help us to know better some of the guidelines about this minority and its role in the history of modern Spain.</subfield>
   </datafield>
   <datafield ind1="8" ind2=" " tag="024">
      <subfield code="a">ROLDÁN PAZ, LORENA "Los "cómplices en la viña de Alonso Gamarra" : aproximación a un grupo criptojudaizante" Baética, 32, 2010, 449-469</subfield>
   </datafield>
   <datafield ind1="8" ind2=" " tag="024">
      <subfield code="a">0212-5099</subfield>
   </datafield>
   <datafield ind1="8" ind2=" " tag="024">
      <subfield code="a">http://hdl.handle.net/10630/6466</subfield>
   </datafield>
   <datafield tag="653" ind2=" " ind1=" ">
      <subfield code="a">Persecuciones religiosas - Málaga - S. XVII</subfield>
   </datafield>
   <datafield ind2="0" ind1="0" tag="245">
      <subfield code="a">Los "cómplices en la viña de Alonso Gamarra" : aproximación a un grupo criptojudaizante</subfield>
   </datafield>
</record>
</metadata></record></GetRecord></OAI-PMH>